[Event "Olympiad-44"]
[Site "Chennai"]
[Date "2022.07.29"]
[Round "1.3"]
[White "Sakhawaty, Sepehr"]
[Black "Draskovic, Luka"]
[Result "0-1"]
[WhiteElo "1809"]
[BlackElo "2503"]
[PlyCount "72"]
[EventDate "2022.07.29"]
[EventType "team-swiss"]
[EventRounds "11"]
[EventCountry "IND"]
[SourceTitle "CBM 210"]
[Source "ChessBase"]
[SourceDate "2022.10.31"]
[SourceVersion "1"]
[SourceVersionDate "2022.10.31"]
[SourceQuality "1"]
[WhiteTeam "Afghanistan"]
[BlackTeam "Montenegro"]
[WhiteTeamCountry "AFG"]
[BlackTeamCountry "MNE"]

1. e4 c5 2. Nf3 d6 3. d4 cxd4 4. Nxd4 Nf6 5. Nc3 Nc6 6. Bg5 e6 7. Bc4 Be7 8. Bxf6 Bxf6 9. Nde2 a6 10. a4 Qb6 11. Rb1 Qc5 12. Bb3 0-0 13. 0-0 b5 14. Qd2 Bb7 15. Nc1 Nd4 16. Re1 Rac8 17. Qd1 b4 18. N3a2 Nxb3 19. Nxb3 Qxc2 20. Nxb4 Qxd1 21. Rbxd1 Rc4 22. Nd3 Rxe4 23. Rxe4 Bxe4 24. f3 Bc6 25. Na5 Bxa4 26. b3 Bb5 27. Nb4 d5 28. Rc1 Bb2 29. Rc2 Bd4+ 30. Kh1 Bb6 31. Nbc6 g6 32. Nb7 d4 33. Ne5 d3 34. Rd2 Be3 35. Rxd3 Bxd3 36. Nxd3 Rb8 0-1

[Event "Rasht"]
[Site "Rasht"]
[Date "2022.07.20"]
[Round "5"]
[White "Atabayev, Saparmyrat"]
[Black "Sakhawaty, Sepehr"]
[Result "1-0"]
[WhiteElo "2447"]
[BlackElo "1809"]
[PlyCount "47"]
[EventDate "2022.07.17"]
[EventType "tourn"]
[EventRounds "9"]
[EventCountry "IRI"]
[EventCategory "5"]
[SourceTitle "CBM 209 Extra"]
[Source "ChessBase"]
[SourceDate "2022.09.30"]
[SourceVersion "1"]
[SourceVersionDate "2022.09.30"]
[SourceQuality "1"]

1. e4 c5 2. Nf3 d6 3. Nc3 Nf6 4. d4 cxd4 5. Nxd4 a6 6. Bg5 e5 7. Nf5 Bxf5 8. exf5 Nbd7 9. g4 Qb6 10. Bg2 h6 11. Bxf6 Nxf6 12. Nd5 Nxd5 13. Qxd5 Rc8 14. 0-0-0 Rc7 15. Rd2 Be7 16. h4 0-0 17. Kb1 Qb4 18. g5 hxg5 19. hxg5 Rc5 20. Qd3 Bxg5 21. f6 Bh4 22. Be4 g5 23. Rxh4 gxh4 24. Qe3 1-0

[Event "Rasht"]
[Site "Rasht"]
[Date "2022.07.20"]
[Round "6"]
[White "Nazari, Arad"]
[Black "Sakhawaty, Sepehr"]
[Result "1-0"]
[WhiteElo "2401"]
[BlackElo "1809"]
[PlyCount "113"]
[EventDate "2022.07.17"]
[EventType "tourn"]
[EventRounds "9"]
[EventCountry "IRI"]
[EventCategory "5"]
[SourceTitle "CBM 209 Extra"]
[Source "ChessBase"]
[SourceDate "2022.09.30"]
[SourceVersion "1"]
[SourceVersionDate "2022.09.30"]
[SourceQuality "1"]

1. e4 c5 2. Nf3 d6 3. Bb5+ Bd7 4. Bxd7+ Qxd7 5. 0-0 Nc6 6. c3 Nf6 7. Re1 e6 8. d4 cxd4 9. cxd4 d5 10. e5 Ne4 11. a3 Be7 12. Qd3 0-0 13. Nbd2 Nxd2 14. Bxd2 f6 15. exf6 Bxf6 16. Re3 Rae8 17. Rae1 Qd6 18. Bc3 Re7 19. g3 Rfe8 20. Kg2 e5 21. dxe5 Bxe5 22. Nxe5 Nxe5 23. Qb5 Qc6 24. Qb3 Ng6 25. Rxe7 Rxe7 26. Rd1 Rd7 27. Bd4 b6 28. Qe3 Re7 29. Rc1 Qd7 30. Qc3 Qe6 31. Qc8+ Kf7 32. Qxe6+ Rxe6 33. f4 Re7 34. Rc6 Rd7 35. Kf3 Ne7 36. Rc1 Nf5 37. Be5 h5 38. h3 Ne7 39. g4 hxg4+ 40. hxg4 Ng6 41. Bd4 Nf8 42. f5 g6 43. Rc6 gxf5 44. gxf5 Re7 45. Rd6 Rd7 46. Rf6+ Ke7 47. Rh6 Rd6 48. Rh4 Rc6 49. Kf4 Rd6 50. Rg4 Nd7 51. Rg7+ Kf8 52. Kg5 a5 53. f6 Nc5 54. Bxc5 bxc5 55. Kg6 d4 56. Rc7 Rd8 57. Rh7 1-0

[Event "Asia Nations online Cup"]
[Site "Chess.com INT"]
[Date "2020.10.18"]
[Round "8.9"]
[White "Khusenkhojaev, Mustafokhuja"]
[Black "Sakhawaty, Sepehr"]
[Result "1-0"]
[WhiteElo "2255"]
[BlackElo "1846"]
[PlyCount "73"]
[EventDate "2020.10.10"]
[EventType "team-swiss (rapid)"]
[EventRounds "9"]
[EventCountry "IND"]
[SourceTitle "CBM 198 Extra"]
[Source "ChessBase"]
[SourceDate "2020.11.30"]
[SourceVersion "1"]
[SourceVersionDate "2020.11.30"]
[SourceQuality "1"]
[WhiteTeam "Tajikistan"]
[BlackTeam "Afghanistan"]
[WhiteTeamCountry "TJK"]
[BlackTeamCountry "AFG"]

1. d4 Nf6 2. Nf3 e6 3. c4 d5 4. Bg5 Be7 5. e3 0-0 6. Nc3 a6 7. Rc1 Nbd7 8. Qc2 h6 9. Bh4 c6 10. Bd3 dxc4 11. Bxc4 b5 12. Be2 Bb7 13. 0-0 Rc8 14. Ne4 Nxe4 15. Bxe7 Qxe7 16. Qxe4 Nf6 17. Qc2 Nd7 18. a4 c5 19. axb5 axb5 20. Qb3 Bd5 21. Qxb5 Rb8 22. Qd3 Rxb2 23. Rfe1 c4 24. Qc3 Rb3 25. Qc2 Nb6 26. e4 Bb7 27. Bxc4 Nxc4 28. Qxc4 Rb2 29. d5 Rc8 30. Qd4 Rcc2 31. Rxc2 Rxc2 32. d6 Qd7 33. Ne5 Qd8 34. h3 f6 35. Ng6 e5 36. Qb4 Qc8 37. Ne7+ 1-0

[Event "Asia Nations online Cup"]
[Site "Chess.com INT"]
[Date "2020.10.10"]
[Round "1.8"]
[White "Sakhawaty, Sepehr"]
[Black "Setyaki, Azarya Jodi"]
[Result "0-1"]
[WhiteElo "1846"]
[BlackElo "2389"]
[PlyCount "54"]
[EventDate "2020.10.10"]
[EventType "team-swiss (rapid)"]
[EventRounds "9"]
[EventCountry "IND"]
[SourceTitle "CBM 198 Extra"]
[Source "ChessBase"]
[SourceDate "2020.11.30"]
[SourceVersion "1"]
[SourceVersionDate "2020.11.30"]
[SourceQuality "1"]
[WhiteTeam "Afghanistan"]
[BlackTeam "Indonesia"]
[WhiteTeamCountry "AFG"]
[BlackTeamCountry "INA"]

1. d4 Nf6 2. Nf3 g6 3. c4 Bg7 4. g3 0-0 5. Bg2 d6 6. Nc3 Nc6 7. 0-0 e5 8. dxe5 dxe5 9. e4 Bg4 10. h3 Bxf3 11. Bxf3 Nd4 12. Nd5 Nd7 13. h4 c6 14. Nc3 Nc5 15. b4 Nce6 16. Bg4 f5 17. exf5 gxf5 18. Bh3 e4 19. Bb2 Nf4 20. Bg2 Nd3 21. Rb1 Nxb2 22. Rxb2 Qf6 23. Rb1 Rad8 24. Qh5 Ne6 25. Ne2 Bh6 26. Rbd1 Ng7 27. Rxd8 Rxd8 0-1